Cosmogenesis : (Record no. 9071)

MARC details
000 -LEADER
fixed length control field 01008pam a2200301 a 4500
001 - CONTROL NUMBER
control field 3855318
003 - CONTROL NUMBER IDENTIFIER
control field OSt
005 - DATE AND TIME OF LATEST TRANSACTION
control field 20240704144332.0
008 - FIXED-LENGTH DATA ELEMENTS--GENERAL INFORMATION
fixed length control field 880412s1990 nyua b 001 0 eng
010 ## - LIBRARY OF CONGRESS CONTROL NUMBER
LC control number 88012530
020 ## - INTERNATIONAL STANDARD BOOK NUMBER
International Standard Book Number 0195055284 (alk. paper) :
Terms of availability $24.95
040 ## - CATALOGING SOURCE
Transcribing agency must
050 00 - LIBRARY OF CONGRESS CALL NUMBER
Classification number QB981
Item number .L333 1990
082 00 - DEWEY DECIMAL CLASSIFICATION NUMBER
Classification number 116 LAY 1990
Edition number 19
100 1# - MAIN ENTRY--PERSONAL NAME
Personal name Layzer, David.
9 (RLIN) 18455
245 10 - TITLE STATEMENT
Title Cosmogenesis :
Remainder of title the growth of order in the universe /
Statement of responsibility, etc. David Layzer.
260 ## - PUBLICATION, DISTRIBUTION, ETC. (IMPRINT)
Place of publication, distribution, etc. New York :
Name of publisher, distributor, etc. Oxford University Press,
Date of publication, distribution, etc. 1990.
300 ## - PHYSICAL DESCRIPTION
Extent ix, 322 p. :
Other physical details ill. ;
Dimensions 25 cm.
500 ## - GENERAL NOTE
General note Includes index.
504 ## - BIBLIOGRAPHY, ETC. NOTE
Bibliography, etc Bibliography: p. [309]-316.
650 #0 - SUBJECT ADDED ENTRY--TOPICAL TERM
Topical term or geographic name as entry element Cosmology.
9 (RLIN) 3606
650 #0 - SUBJECT ADDED ENTRY--TOPICAL TERM
Topical term or geographic name as entry element Evolution.
9 (RLIN) 8680
650 #0 - SUBJECT ADDED ENTRY--TOPICAL TERM
Topical term or geographic name as entry element Science
General subdivision Philosophy.
9 (RLIN) 3588
856 42 - ELECTRONIC LOCATION AND ACCESS
Materials specified Contributor biographical information
Uniform Resource Identifier <a href="http://www.loc.gov/catdir/enhancements/fy0723/88012530-b.html">http://www.loc.gov/catdir/enhancements/fy0723/88012530-b.html</a>
906 ## - LOCAL DATA ELEMENT F, LDF (RLIN)
a 7
b cbc
c orignew
d 1
e ocip
f 19
g y-gencatlg
942 ## - ADDED ENTRY ELEMENTS (KOHA)
Source of classification or shelving scheme Dewey Decimal Classification
Koha item type Open Shelf
Holdings
Withdrawn status Lost status Source of classification or shelving scheme Damaged status Not for loan Home library Current library Date acquired Inventory number Total Checkouts Full call number Barcode Date last seen Price effective from Koha item type Source of acquisition
    Dewey Decimal Classification     MUST Main Library MUST Main Library 04/07/2024 2000/14162   116 LAY 1990 2024-21783 04/07/2024 04/07/2024 Open Shelf  
    Other/Generic Classification Scheme     MUST Main Library MUST Main Library 22/08/2024 2000/14172   116 LAY 1990 2024-22269 22/08/2024 22/08/2024 Open Shelf Donation